Catálogo

LAS CRISIS DE LAS DICTADURAS : (Registro nro. 11309)

Detalles MARC
000 -LEADER
fixed length control field 00522nam a2200169 a 4500
001 - CONTROL NUMBER
control field 11309
005 - DATE AND TIME OF LATEST TRANSACTION
control field 20180713195451.0
008 - FIXED-LENGTH DATA ELEMENTS--GENERAL INFORMATION
fixed length control field 140415s1976 000 0 spa d
041 ## - LANGUAGE CODE
Language code of text/sound track or separate title spa
082 ## - DEWEY DECIMAL CLASSIFICATION NUMBER
Classification number 948.351
Item number POU
100 1# - MAIN ENTRY--PERSONAL NAME
Personal name POULANTZAS, NICOS
245 14 - TITLE STATEMENT
Title LAS CRISIS DE LAS DICTADURAS :
Remainder of title PORTUGAL, GRECIA, ESPAÑA
260 ## - PUBLICATION, DISTRIBUTION, ETC.
Place of publication, distribution, etc. [s.l.] :
Name of publisher, distributor, etc. SIGLO VEINTIUNO EDITORES,
Date of publication, distribution, etc. 1976
300 ## - PHYSICAL DESCRIPTION
Extent 151
650 14 - SUBJECT ADDED ENTRY--TOPICAL TERM
Topical term or geographic name entry element ESPAA
General subdivision DICTADORES
-- EUROPA
-- HISTORIA
-- PORTUGAL
-- DICTADORES
700 1# - ADDED ENTRY--PERSONAL NAME
Personal name MERCADO, TUNUNA
Relator term tr.
Existencias
Withdrawn status Lost status Source of classification or shelving scheme Damaged status Not for loan Collection code Home library Current library Shelving location Date acquired Source of acquisition Inventory number Total Checkouts Full call number Barcode Date last seen Price effective from Koha item type
    Dewey Decimal Classification     General Biblioteca Karol Wojtyla Biblioteca Karol Wojtyla Sala general 03/12/2013 Compra 151000000000000000035947   948.351 POU 26756 05/01/2026 03/12/2013 Libro